| 000 | 01575nam a2200229Ia 4500 | ||
|---|---|---|---|
| 003 | Ost | ||
| 005 | 20260507075559.0 | ||
| 008 | 260507s9999||||xx |||||||||||||| ||und|| | ||
| 040 | _cfsecg | ||
| 041 | _aara | ||
| 082 | _a300 | ||
| 100 |
_aالخطيب، احمد _eمؤلف |
||
| 245 | 0 |
_aالادارة الجامعية : _bدراسات حديثة / _c احمد الخطيب |
|
| 260 |
_aاربد: _bعالم الكتب الحديث للنشر والتوزيع, _c2006 |
||
| 300 |
_a431 صفحة؛ _bإيضاحات ؛ _c24 سم |
||
| 504 | _aمراجع ص.428 | ||
| 520 | _aالعملية الادارية و المدارس الادارية؛ الادارة التربوية في الوطن العربي: التحدي و آفاق المستقبل اضافة الى التعليم الجامعي في الوطن العربي: التحديات و البدائل المستقبلية, التعليم الجامعي و التحول الديمقراطي , ادارة الجامعات في القرن الحادي و العشرين: استراتيجيات و نماذج مقترحة للاصلاح و التطوير الاداري, الادارة اليابانية و كذا ادارة التغيير و الابداع, ادارة الجودة الشاملة : تطبيقات في الادارة الجامعية و اخيرا مسؤولية التعليم العالي في تطوير و اصلاح النظام التربوي. | ||
| 653 | _aالادارة | ||
| 653 | _aالتعليم العالي | ||
| 653 | _aالجامعات و الكليات | ||
| 942 | _cكتاب | ||
| 999 |
_c44996 _d44996 |
||